| 000 | 00904cam a22002771 4500 | ||
|---|---|---|---|
| 001 | 3358 | ||
| 003 | FISKH | ||
| 005 | 20240229105610.0 | ||
| 008 | 721221s1962 maua j 000 1 eng | ||
| 010 | _a 62012381 | ||
| 035 | _a(OCoLC)522612 | ||
| 040 |
_aDLC _cOOxM _dOCoLC _dODaWU _dVtU _dDLC _beng |
||
| 042 | _apremarc | ||
| 050 | 0 | 0 |
_aPZ7.L7225 _bMi |
| 082 | _a813.5 | ||
| 100 | 1 |
_aLittle, Jean, _d1932- |
|
| 245 | 1 | 0 |
_aMine for keeps. _cWith illustrations by Lewis Parker. |
| 260 |
_aUnited States : _bLittle Brown, _c1962 |
||
| 300 |
_a186 pages : _billustrations ; _c20 cm |
||
| 520 | _aAfter spending five years in a cerebral palsy center, Sally is challenged to adjust to normal family and school life. | ||
| 650 |
_aDogs _vChildren's Fiction |
||
| 700 |
_aParker, Lewis _eillustrator |
||
| 906 |
_a7 _bcbc _coclcrpl _du _encip _f19 _gy-gencatlg |
||
| 942 |
_2ddc _cBK _n0 |
||
| 999 |
_c3358 _d3358 |
||